ბათუმის შოთა რუსთაველის სახელმწიფო უნივერსიტეტის ბიბლიოთეკა

ჩვენ პოეტები საქართველოსი (ბიბ.ჩანაწერი № 48553)

000 -LEADER
fixed length control field 01235nam a2200217Ia 4500
001 - CONTROL NUMBER
control field 15450
003 - CONTROL NUMBER IDENTIFIER
control field GE_BSU
008 - FIXED-LENGTH DATA ELEMENTS--GENERAL INFORMATION
fixed length control field 181216s||||||||xx |||||||||||||| ||und||
040 ## - CATALOGING SOURCE
Transcribing agency GE_BSU
080 ## - UNIVERSAL DECIMAL CLASSIFICATION NUMBER
Universal Decimal Classification number 821.353.1-1
245 ## - TITLE STATEMENT
Title ჩვენ პოეტები საქართველოსი
245 ## - TITLE STATEMENT
Remainder of title ეძღვნება საბჭოთა კავშირის კომუნისტური პარტიის XXVI და საქართველოს კომუნისტური პარტიის XXVI ყრილობებს
245 ## - TITLE STATEMENT
Statement of responsibility, etc. შემდგ.რ.კვერენჩხილაძე.რედ.ლ.არაბიძე. მხატვ.ა. თოდრია
260 ## - PUBLICATION, DISTRIBUTION, ETC.
Place of publication, distribution, etc. თბილისი
260 ## - PUBLICATION, DISTRIBUTION, ETC.
Name of publisher, distributor, etc. მერანი
260 ## - PUBLICATION, DISTRIBUTION, ETC.
Date of publication, distribution, etc. 1981
300 ## - PHYSICAL DESCRIPTION
Extent 135გვ. ; 22სმ.
653 ## - INDEX TERM--UNCONTROLLED
Uncontrolled term ეძღვნება საბჭოთა კავშირის კომუნისტური პარტიის XXVI და საქართველოს კომუნისტური პარტიის XXVI ყრილობებს
653 ## - INDEX TERM--UNCONTROLLED
Uncontrolled term ჩვენ პოეტები საქართველოსი
942 ## - ADDED ENTRY ELEMENTS (KOHA)
Koha item type წიგნი
ეგზემპლარები
Withdrawn status Lost status Damaged status Not for loan Date acquired Barcode Date last seen Price effective from Koha item type
        2018-12-17 38467 2018-12-17 2018-12-17 წიგნი